| 000 | 01085nam a22002537a 4500 | ||
|---|---|---|---|
| 003 | BR-ViAPE | ||
| 005 | 20260512164050.0 | ||
| 008 | 260512s2019 porabc|gsb||| 001 0 por d | ||
| 020 | _q978-85-94353-83-2 | ||
| 040 | _cBR-ViAPE | ||
| 100 | _aLoureiro, Klítia | ||
| 245 |
_aHistória dos povos indígenas no Espírito Santo: _bos Tupiniquim |
||
| 260 |
_aVitória _bEditora Milfontes _c2019 |
||
| 300 |
_a176 p. _bil. _c29 cm. |
||
| 300 | _bLivro disponível em PDF | ||
| 490 |
_aColeção História dos Povos Indígenas no Espírito Santo _vv. 2 |
||
| 500 | _aLivro disponível em versão digital mediante autorização do autor. Pertence ao projeto APEES Autores Pela Memória | ||
| 650 |
_aIndígenas _xAntropologia _xHistória _xTupiniquim _zEspírito Santo (Brasil) |
||
| 651 | _aEspírito Santo (Brasil) | ||
| 700 |
_aBentivoglio, Julio _eorganizador |
||
| 700 |
_aDelage, Alice Gotardelo _eilustradora |
||
| 856 |
_uhttps://ape.es.gov.br/Media/ape/PDF/Livros/Autores_pela_memoria/BR_APEES_02_Livro_Os_Tupinikim.pdf _yCLIQUE AQUI PARA ACESSAR O DOCUMENTO |
||
| 942 |
_2ddc _cBK _n1 |
||
| 999 |
_c638 _d638 |
||